Explaining Cardiac Surgery Patient Assessment and care / (Record no. 1835)

MARC details
000 -LEADER
fixed length control field 00600nam a22002057a 4500
003 - CONTROL NUMBER IDENTIFIER
control field OSt
005 - DATE AND TIME OF LATEST TRANSACTION
control field 20150522135608.0
008 - FIXED-LENGTH DATA ELEMENTS--GENERAL INFORMATION
fixed length control field 150522b xxu||||| |||| 00| 0 eng d
020 ## - INTERNATIONAL STANDARD BOOK NUMBER
International Standard Book Number 0727908537
040 ## - CATALOGING SOURCE
Transcribing agency DNLM
082 ## - DEWEY DECIMAL CLASSIFICATION NUMBER
Classification number WG 169 M61e 1995
100 ## - MAIN ENTRY--PERSONAL NAME
Personal name Millner Russel
9 (RLIN) 4828
245 ## - TITLE STATEMENT
Title Explaining Cardiac Surgery Patient Assessment and care /
Statement of responsibility, etc. Russel Millner, Tom Treasure
260 ## - PUBLICATION, DISTRIBUTION, ETC. (IMPRINT)
Place of publication, distribution, etc. London:
Name of publisher, distributor, etc. BMJ Publishing Group;
Date of publication, distribution, etc. 1995.
300 ## - PHYSICAL DESCRIPTION
Extent vii, 184 p :
Other physical details ill;
Dimensions 27 cm.
504 ## - BIBLIOGRAPHY, ETC. NOTE
Bibliography, etc Includes index.
650 ## - SUBJECT ADDED ENTRY--TOPICAL TERM
Topical term or geographic name as entry element Cardiac surgery
9 (RLIN) 3718
700 ## - ADDED ENTRY--PERSONAL NAME
Personal name Treasure Tom
9 (RLIN) 4829
942 ## - ADDED ENTRY ELEMENTS (KOHA)
Source of classification or shelving scheme Other/Generic Classification Scheme
Koha item type Short Loan
Holdings
Withdrawn status Lost status Source of classification or shelving scheme Damaged status Not for loan Home library Current library Date acquired Source of acquisition Inventory number Total Checkouts Full call number Barcode Date last seen Price effective from Koha item type
    Other/Generic Classification Scheme     MUST Main Library MUST Main Library 22/05/2015   2003/18147   WG 169 M61e 1995 2015-1536 22/05/2015 22/05/2015 Short Loan
    Other/Generic Classification Scheme     MUST Main Library MUST Main Library 22/05/2015   2003/18146   WG 169 M61e 1995 2015-1537 22/05/2015 22/05/2015 Short Loan